[Event "Donald"]
[Site "http://www.queenalice.com/game.php?id=252776"]
[Date "2007.8.8"]
[Round "-"]
[White "casparanhos"]
[Black "elciospy"]
[Result "1-0"]
[WhiteElo "1590"]
[BlackElo "1461"]

1. d4 c6 2. g3 d5 3. Bg2 Bg4 4. Nf3 g6 5. Bf4 Nd7 6. Qd3 Bg7 7. Qb3 Nb6 8. Ne5
Nf6 9. h3 Bf5 10. O-O O-O 11. Nd2 Re8 12. Bg5 Qd6 13. e4 Nxe4 14. Nxe4 Bxe5 15.
Nxd6 exd6 16. dxe5 dxe5 17. c3 Be6 18. Qb4 e4 19. Be3 1-0

[Event "AUTO-BEG-99"]
[Site "http://www.queenalice.com/game.php?id=279734"]
[Date "2007.10.1"]
[Round "2"]
[White "elciospy"]
[Black "DARKQUEEN"]
[Result "0-1"]
[WhiteElo "1369"]
[BlackElo "1517"]

1. d4 d5 2. c4 Nf6 3. Nc3 e6 4. Bg5 dxc4 5. e4 Bb4 6. e5 b5 7. exf6 g6 8. Nf3 h6
9. Bf4 g5 10. Be5 Nd7 11. Bg3 Nxf6 12. Be2 Ne4 13. Be5 f6 14. Bg3 Nxc3 15. bxc3
Bxc3+ 0-1

[Event "AUTO-BEG-99"]
[Site "http://www.queenalice.com/game.php?id=279735"]
[Date "2007.10.1"]
[Round "2"]
[White "DARKQUEEN"]
[Black "elciospy"]
[Result "1-0"]
[WhiteElo "1506"]
[BlackElo "1380"]

1. e4 e5 2. Nf3 Nc6 3. Bb5 Nf6 4. d3 a6 5. Bxc6 dxc6 6. O-O Bb4 7. a3 Ba5 8. b4
Bb6 9. c4 Bg4 10. c5 Ba7 11. h3 Be6 12. Qd2 b6 13. Nxe5 Qd4 14. Qc3 Qd8 15. Nxc6
Qc8 16. Re1 1-0

[Event "AUTO-OPEN-2036"]
[Site "http://www.queenalice.com/game.php?id=801797"]
[Date "2010.7.11"]
[Round "1"]
[White "silent1"]
[Black "elciospy"]
[Result "1-0"]
[WhiteElo "1263"]
[BlackElo "1343"]

1. d4 d5 2. c4 dxc4 3. e3 b5 4. Nf3 Nf6 5. Nc3 e6 6. Be2 Bb4 7. O-O c6 8. Bd2
O-O 9. a3 Ba5 10. Na2 Bc7 11. Bb4 Re8 12. h3 Na6 13. Nc3 Nxb4 14. axb4 Qd6 15.
Na2 Bb7 16. Ne5 Nd7 17. f4 Nf6 18. Nc3 Qxb4 19. Qc2 Red8 20. Na2 Qd6 21. Nc3 Bb6
22. Ne4 Qe7 23. Nxf6+ Qxf6 24. Ng4 Qe7 25. Ne5 1-0

[Event "AUTO-OPEN-2036"]
[Site "http://www.queenalice.com/game.php?id=801798"]
[Date "2010.7.11"]
[Round "1"]
[White "elciospy"]
[Black "silent1"]
[Result "0-1"]
[WhiteElo "1343"]
[BlackElo "1359"]

1. d4 d5 2. c4 e6 3. Nc3 Nf6 4. Bg5 c6 5. Nf3 Nbd7 6. e3 Bd6 7. cxd5 O-O 8. dxe6
fxe6 9. Ne4 Bb4+ 10. Ned2 h6 11. a3 Be7 12. Bh4 Nd5 13. Bg3 Bg5 14. Ne4 Be7 15.
Bc4 N5f6 16. Bxe6+ Kh8 17. Qc2 Nxe4 18. Qxe4 Nf6 19. Qe5 Bxe6 20. Qxe6 Qd7 21.
Qb3 Bd6 22. Bxd6 Qxd6 23. O-O Rab8 0-1

[Event "AUTO-OPEN-2036"]
[Site "http://www.queenalice.com/game.php?id=801825"]
[Date "2010.7.11"]
[Round "1"]
[White "Cronos"]
[Black "elciospy"]
[Result "1-0"]
[WhiteElo "1956"]
[BlackElo "1363"]

1. e4 e5 2. c4 Nc6 3. d3 Nf6 4. Be2 Bc5 5. h3 O-O 6. Nf3 d6 7. O-O Nd4 8. Nxd4
Bxd4 9. Nc3 Rb8 10. Nd5 h6 11. Rb1 b5 12. cxb5 Nxd5 13. exd5 Rxb5 14. Bf3 Bb7
15. a4 Ra5 16. b3 Qd7 17. Bd2 Ra6 18. g4 g5 19. Be4 f6 20. Qf3 Kg7 21. Qf5 Qxf5
22. Bxf5 Bxd5 23. Be3 Bb6 24. d4 Ra5 25. Bd2 Ra6 26. Bd3 Bb7 27. Bxa6 Bxa6 28.
Rfe1 Bxd4 29. Be3 Bb6 30. Bxb6 1-0

[Event "AUTO-OPEN-2036"]
[Site "http://www.queenalice.com/game.php?id=801826"]
[Date "2010.7.11"]
[Round "1"]
[White "elciospy"]
[Black "Cronos"]
[Result "0-1"]
[WhiteElo "1365"]
[BlackElo "1948"]

1. d4 g6 2. c4 Bg7 3. Nc3 e6 4. Bf4 a6 5. g3 c6 6. Nf3 Nf6 7. Bg5 h6 8. Bd2 d5
9. Bg2 O-O 10. O-O b5 11. c5 b4 12. Na4 a5 13. Nb6 Ra7 14. a3 Na6 15. Ne5 Nb8
16. axb4 Nfd7 17. Nexd7 Nxd7 18. bxa5 Bxd4 19. Bxh6 Bxb2 20. Rb1 Bg7 21. Be3
Rxa5 22. Na4 f5 23. Bh3 Ne5 24. Bd2 Ra7 25. Rb6 Bd7 26. Qb3 Nc4 27. Rb8 Nxd2 0-1

[Event "AUTO-INT-1754"]
[Site "http://www.queenalice.com/game.php?id=801921"]
[Date "2010.7.11"]
[Round "1"]
[White "robertson"]
[Black "elciospy"]
[Result "1-0"]
[WhiteElo "1663"]
[BlackElo "1361"]

1. e4 e5 2. Qf3 Nf6 3. Bc4 b6 4. Nh3 h6 5. d3 Bb4+ 6. c3 Bc5 7. b4 Be7 8. g4 d6
9. Bd5 Nxd5 10. Na3 Nxc3 11. Bd2 Na4 12. O-O Bd7 13. Nc4 Nc6 14. a3 O-O 15. Qd1
Nd4 16. Ra2 Qc8 17. Ra1 b5 18. Ne3 1-0

[Event "AUTO-INT-1754"]
[Site "http://www.queenalice.com/game.php?id=801922"]
[Date "2010.7.11"]
[Round "1"]
[White "elciospy"]
[Black "robertson"]
[Result "0-1"]
[WhiteElo "1357"]
[BlackElo "1667"]

1. d4 e6 2. Nf3 Nc6 3. c4 Bb4+ 4. Nc3 d5 5. Bd2 dxc4 6. e3 b5 7. a4 Bxc3 8. bxc3
Na5 9. axb5 Nb3 10. Ra4 Nf6 11. Rxc4 Na5 12. Ra4 Nb7 13. Bd3 Ng4 14. h3 Nf6 15.
Bc1 h6 16. Ba3 Nd5 17. Qb3 Nf4 0-1

[Event "AUTO-INT-1754"]
[Site "http://www.queenalice.com/game.php?id=801933"]
[Date "2010.7.11"]
[Round "1"]
[White "Hagi"]
[Black "elciospy"]
[Result "1-0"]
[WhiteElo "1674"]
[BlackElo "1384"]

1. e4 e5 2. Nf3 Nf6 3. Bc4 Bc5 4. d4 exd4 5. e5 Qe7 6. Nxd4 Bxd4 7. Qxd4 Nc6 8.
Qc3 d6 9. O-O dxe5 10. Nd2 O-O 11. Re1 Re8 12. Nf3 h6 13. Nxe5 Nxe5 14. h3 g5
15. Bb5 c6 16. Ba4 Qd6 17. Bb3 a5 18. Bd2 a4 19. Red1 Qc7 20. Bc4 Nxc4 21. Qxc4
Re2 22. Qxe2 Bf5 23. Qf3 Qd7 24. Bc3 Qe6 25. Re1 Ne4 26. Rad1 Bg6 27. Bb4 Qc4
28. c3 c5 29. Ba3 Qxa2 30. Rd7 b5 31. Bxc5 Qxb2 32. Rxe4 Bxe4 33. Qxf7+ Kh8 34.
Qg7# 1-0

[Event "AUTO-INT-1754"]
[Site "http://www.queenalice.com/game.php?id=801934"]
[Date "2010.7.11"]
[Round "1"]
[White "elciospy"]
[Black "Hagi"]
[Result "0-1"]
[WhiteElo "1389"]
[BlackElo "1669"]

1. d4 d5 2. c4 c6 3. Nc3 dxc4 4. e3 Nf6 5. Bxc4 e6 6. Nf3 Be7 7. O-O O-O 8. Rb1
b5 9. Bd3 a6 10. Bd2 c5 11. a4 c4 12. Bc2 Nc6 13. Ra1 Nb4 14. Be4 Nxe4 15. Nxe4
Nd3 16. Qc2 Bb7 17. Ng3 Bxf3 18. gxf3 e5 19. Nf5 Bf6 20. Bc3 Qd7 21. dxe5 Bxe5
22. Nd4 Qh3 23. f4 Nxf4 24. exf4 Bxf4 25. Nf3 Qxf3 26. Qf5 Bxh2+ 0-1

[Event "AUTO-INT-1754"]
[Site "http://www.queenalice.com/game.php?id=801939"]
[Date "2010.7.11"]
[Round "1"]
[White "groo"]
[Black "elciospy"]
[Result "1-0"]
[WhiteElo "1395"]
[BlackElo "1380"]

1. e4 e5 2. Nf3 Nf6 3. d4 exd4 4. Bd3 Nc6 5. O-O g6 6. Bg5 Be7 7. Re1 O-O 8. Bh6
Re8 9. c3 dxc3 10. Nxc3 Bb4 11. Qb3 d6 12. Ng5 Ne5 13. Bc4 Bxc3 14. Bxf7+ Nxf7
15. Qxf7+ Kh8 16. Qg7# 1-0

[Event "AUTO-INT-1754"]
[Site "http://www.queenalice.com/game.php?id=801940"]
[Date "2010.7.11"]
[Round "1"]
[White "elciospy"]
[Black "groo"]
[Result "0-1"]
[WhiteElo "1353"]
[BlackElo "1615"]

1. d4 d5 2. c4 c6 3. Nc3 Bf5 4. Nf3 Nd7 5. cxd5 cxd5 6. Nxd5 e6 7. Nc3 Bb4 8.
Bd2 Ngf6 9. e3 O-O 10. a3 Bd6 11. h3 Rc8 12. Be2 Ne4 13. Nb5 a6 14. Nc3 Nxc3 15.
bxc3 b5 16. O-O Nb6 17. Qb3 Be4 18. Ne1 Nc4 19. a4 Nxd2 20. Qa2 Nxf1 0-1